Statistics for Halo: Combat Evolved Campaign Missions

Click here to take the quiz!

General Stats

  • This quiz has been taken 51 times
  • The average score is 9 of 10

Answer Stats

Answer% Correct
Halo
98%
The Pillar of Autumn
95%
The Library
90%
343 Guilty Spark
88%
The Silent Cartographer
88%
Keyes
86%
The Truth and Reconciliation
86%
Two Betrayals
79%
The Maw
76%
Assault on the Control Room
74%

Score Distribution

Percentile by Number Answered

Percent of People with Each Score

Your Score History

You have not taken this quiz